NLSUI OPAC header image

Karnataka backward classes commission, Vol.2 (Record no. 25845)

MARC details
000 -LEADER
fixed length control field 00381nam a2200157Ia 4500
008 - FIXED-LENGTH DATA ELEMENTS--GENERAL INFORMATION
fixed length control field 160316s1975 xxu||||| |||| 00| 0 eng d
082 ## - DEWEY DECIMAL CLASSIFICATION NUMBER
Classification number 305.560000
Item number HAV - II
100 ## - MAIN ENTRY--PERSONAL NAME
Personal name Havanur L G
245 ## - TITLE STATEMENT
Title Karnataka backward classes commission, Vol.2
250 ## - EDITION STATEMENT
Edition statement
260 ## - PUBLICATION, DISTRIBUTION, ETC.
Place of publication, distribution, etc. Bangalore
Name of publisher, distributor, etc. Govt. of Karnataka
Date of publication, distribution, etc. 1975
300 ## - PHYSICAL DESCRIPTION
Extent Pv
Other physical details
Dimensions
365 ## - TRADE PRICE
Price amount
650 ## - SUBJECT ADDED ENTRY--TOPICAL TERM
Topical term or geographic name entry element
700 ## - ADDED ENTRY--PERSONAL NAME
Personal name
--
Holdings
Withdrawn status Lost status Damaged status Not for loan Home library Current library Shelving location Date acquired Total Checkouts Full call number Barcode Date last seen Price effective from Koha item type
        . .   30.05.2017   305.56 HAV-II REP3038 30.05.2017 30.05.2017 Repository